| 000 | 00560nam a2200193 a 4500 | ||
|---|---|---|---|
| 005 | 20140310183318.0 | ||
| 008 | 060104s19uu xx 00 eng d | ||
| 050 |
_aZ 52.4 _b.C932 2004 |
||
| 100 | _aCrisostomo, Conchita C. | ||
| 245 |
_aWord processing for kids. Level 4 / _cConchita C. Crisostomo. |
||
| 250 | _a3rd ed. | ||
| 260 |
_b3K-IT Educational Services, _c2004. _aLas PiƱas City ; |
||
| 300 |
_a126 p. : _bill. ; _c28 cm. |
||
| 521 | _aIT | ||
| 650 | _aMicrosoft word. | ||
| 650 | _aWord processing. | ||
| 942 |
_cBK _2lcc _kLOC |
||
| 999 |
_c21331 _d21331 |
||